[Event "IECC CL4-1999.24 "]
[Site "IECC email"]
[Date "1999.06.02"]
[Round "?"]
[White "Hoover, Mike"]
[Black "Vechinski, Scott"]
[Result "0-1"]
[WhiteElo "1686"]
[BlackElo "1673"]
[PlyCount "72"]
[EventDate "1999.??.??"]
[EventType "tourn (corr)"]
[EventRounds "4"]
[SourceTitle "Corr 2008"]
[Source "ChessBase"]
[SourceDate "2008.06.24"]
[SourceVersion "1"]
[SourceVersionDate "2008.06.24"]
[SourceQuality "1"]

1. d4 Nf6 2. Bg5 e6 3. e4 h6 4. Bxf6 Qxf6 5. Nf3 d6 6. Nbd2 Nd7 7. Bd3 g6 8. 0-0 Bg7 9. c3 e5 10. d5 0-0 11. b4 c5 12. a3 b6 13. Qa4 Rd8 14. Bb5 Nb8 15. Nc4 Bd7 16. Rac1 Bxb5 17. Qxb5 Nd7 18. Nfd2 h5 19. f3 Bh6 20. Rc2 Qe7 21. Nb2 Rdc8 22. Qd3 a6 23. Nbc4 cxb4 24. cxb4 b5 25. Na5 Rxc2 26. Qxc2 Nb6 27. Nc6 Qd7 28. Qd3 Rf8 29. Ra1 Kg7 30. Nb1 f5 31. Nc3 fxe4 32. fxe4 Qf7 33. Qe2 Qf4 34. g3 Qe3+ 35. Qxe3 Bxe3+ 36. Kh1 Rf3 0-1

[Event "IECC CL4-1999.24 "]
[Site "IECC email"]
[Date "1999.06.02"]
[Round "?"]
[White "Vechinski, Scott"]
[Black "Hakuc, Waclaw"]
[Result "1/2-1/2"]
[WhiteElo "1667"]
[BlackElo "1807"]
[PlyCount "63"]
[EventDate "1999.??.??"]
[EventType "tourn (corr)"]
[EventRounds "4"]
[SourceTitle "Corr 2008"]
[Source "ChessBase"]
[SourceDate "2008.06.24"]
[SourceVersion "1"]
[SourceVersionDate "2008.06.24"]
[SourceQuality "1"]

1. e4 e5 2. Nf3 Nc6 3. Bc4 Bc5 4. c3 Nf6 5. d3 d6 6. Bb3 0-0 7. h3 Bd7 8. Nbd2 Na5 9. Bc2 Bb6 10. 0-0 c5 11. Re1 Rc8 12. Nf1 h6 13. b3 Be6 14. Bb2 Nc6 15. Rc1 Ba5 16. N1d2 b5 17. d4 exd4 18. cxd4 Nb4 19. Bb1 Re8 20. e5 dxe5 21. dxc5 Na6 22. Rxe5 Nd7 23. Re2 Naxc5 24. Nd4 a6 25. Nxe6 Nxe6 26. Rxc8 Qxc8 27. Nf3 Rd8 28. Qc2 Qxc2 29. Bxc2 Ndc5 30. Nd4 Nxd4 31. Bxd4 Ne6 32. Be3 1/2-1/2

[Event "IECC CL4-1999.24 "]
[Site "IECC email"]
[Date "1999.06.02"]
[Round "?"]
[White "Vechinski, Scott"]
[Black "Le Roux, Andre"]
[Result "1-0"]
[WhiteElo "1690"]
[BlackElo "1573"]
[PlyCount "105"]
[EventDate "1999.??.??"]
[EventType "tourn (corr)"]
[EventRounds "4"]
[SourceTitle "Corr 2008"]
[Source "ChessBase"]
[SourceDate "2008.06.24"]
[SourceVersion "1"]
[SourceVersionDate "2008.06.24"]
[SourceQuality "1"]

1. e4 c5 2. Nf3 Nc6 3. Bb5 a6 4. Bxc6 dxc6 5. h3 g6 6. 0-0 Bg7 7. d3 Nf6 8. Nc3 0-0 9. Be3 Qa5 10. Nd2 Nh5 11. Nc4 Qc7 12. Bxc5 Be6 13. Nd2 Rad8 14. a4 b6 15. Be3 Be5 16. Nf3 Bf4 17. Qd2 f6 18. Ne2 Bd6 19. a5 c5 20. axb6 Qxb6 21. b3 Bc8 22. Qa5 Qc6 23. Qa4 Qb6 24. b4 Kh8 25. Rfb1 Bd7 26. Qb3 Rc8 27. bxc5 Qxb3 28. Rxb3 Bxc5 29. c4 Bxe3 30. fxe3 Ra8 31. Ra5 Ng7 32. Rb6 Bc8 33. d4 h6 34. Nf4 Kh7 35. e5 e6 36. exf6 Rxf6 37. Ne5 g5 38. Nd5 Rf5 39. Ne7 Rf8 40. g4 Re8 41. Nxc8 Raxc8 42. Raxa6 Ra8 43. c5 Rxa6 44. Rxa6 h5 45. Ra7 hxg4 46. hxg4 Rc8 47. Kf2 Rf8+ 48. Rf7 Rb8 49. Rf6 Kg8 50. Rg6 Rb2+ 51. Kf3 Rb8 52. Rxg5 Rf8+ 53. Ke4 1-0